Từ điển Pháp - Việt
Saved in:
| Main Author: | |
|---|---|
| Other Authors: | |
| Format: | Book |
| Language: | Vietnamese |
| Published: |
Hà Nội
Văn hóa thông tin
2013
|
| Subjects: | |
| Tags: |
Add Tag
No Tags, Be the first to tag this record!
|
| Institutions: | Trung tâm Học liệu Lê Vũ Hùng, Trường Đại học Đồng Tháp |
|---|
| LEADER | 00804nam a22002658a 4500 | ||
|---|---|---|---|
| 001 | 00042945 | ||
| 005 | 20181029161033.0 | ||
| 008 | 171101s2017####-vm#################vie|d | ||
| 020 | # | # | |c 128000 |
| 041 | 0 | # | |a Vie - fra |
| 082 | # | # | |a 443 |b T550Đ |
| 100 | 1 | # | |a Phan, Ngọc Bích |
| 242 | 2 | 1 | |a Dictionnaire Vietnamien - francais |
| 245 | 1 | 0 | |a Từ điển Pháp - Việt |c Phan Ngọc Bích; Lê Huy |
| 260 | # | # | |b Văn hóa thông tin |c 2013 |a Hà Nội |
| 300 | # | # | |a 797 tr. |c 19 cm. |b ảnh |
| 653 | # | # | |a Ngôn ngữ |
| 653 | # | # | |a Tiếng Pháp |
| 653 | # | # | |a Tiếng Việt |
| 653 | # | # | |a Từ điển |
| 700 | 1 | # | |a Lê, Huy |
| 852 | # | # | |j KD.0024885 |
| 910 | 0 | # | |d 29/10/2018 |
| 980 | # | # | |a Trung tâm Học liệu Lê Vũ Hùng, Trường Đại học Đồng Tháp |